00874nam a2200229 a 450000100100000000500170001000800410002702000150006804000250008324501110010826000500021930000280026950000360029750000340033350000310036750000270039850000350042550000240046070000380048495201050052299900170062700004502020201002045818.0150129s2004 sp a 001 0 spa d a8495163896 aDO-SdBNPbspacBNPHU03aEl conocimiento científico como referente político en el siglo XXI. /cedición César Nombela Cano. aBilbao, España, :bFundación BBVA,c2004. a497 p. :bil. ;c23 cm. aIncluye notas sobre los autores aIncluye índice alfábetico aÍndice de mapas y tablas aÍndice de gráficos aÍndice de esquemas y figuras aÍndice de cuadros1 aNombela Cano, Césareed.914956 001050718MOaGRbGRcCTd2015-01-29iLF1l0o p45020-10r2020-06-25w2020-06-25y1ZNo se presta c44509d44509